| 000 | 00934nam a2200253 a 4500 | ||
|---|---|---|---|
| 001 | 000023022 | ||
| 005 | 20200930021934.0 | ||
| 008 | 101124s1977 sp ac r 001 0 spa d | ||
| 020 | _a8427110464 | ||
| 040 |
_aDO-SdBNP _bspa _cBNPHU |
||
| 041 | 1 | 7 |
_aspa _hfre _2Código de idiomas MARC |
| 082 |
_annnn _bK86g |
||
| 100 | 1 |
_aKostolany, Françoise, _947362 |
|
| 240 | 1 | 4 |
_aLes gestes. _lEspañol. |
| 245 | 1 | 3 |
_aLos gestos / _cFrançoise Kostolany ; traducción de Jesús Mendibelzua Vergara. |
| 260 |
_aBilbao, España : _bMensajero, _c1977. |
||
| 300 |
_a256 p. : _bil., retrs. ; _c23 cm. |
||
| 490 | 1 | _aConocer a los demás | |
| 504 | _aIncluye referencias bibliográficas y notas al pie de las páginas. | ||
| 534 |
_pTítulo original en francés: _tLes gestes. _cParís : Centre d´Etude at de Promotion de la Lecture. |
||
| 700 | 1 |
_aMendibelzúa, Jesús, _etr. _947363 |
|
| 830 | 0 |
_aConocer a los demás _947364 |
|
| 049 | _aBNGR | ||
| 999 |
_c22519 _d22519 |
||